EA FC25 Ballon D'or - Statistics

General Stats
  • This quiz has been taken 85 times
  • The average score is 9 of 20
Answer Stats
Rate Club G Answer % Correct
97 Man City M Rodri
95%
95 Man City M Erling Haaland
77%
95 Real Madrid M Vinicius Jr
73%
95 Real Madrid M Kylian Mbappe
71%
97 Barcelona W Aitana Bonmati
69%
95 Barcelona M Lamine Yamal
68%
95 Bayern M Harry Kane
63%
95 Real Madrid M Jude Bellingham
63%
95 Inter M Lautaro Martinez
57%
95 Arsenal M William Saliba
47%
95 Portland Thorns W Sophia Smith
45%
95 Man City M Ruben Dias
41%
95 Barcelona W Caroline Hansen
40%
95 Chelsea W Lauren James
31%
95 Bayern W Giulia Gwinn
24%
95 PSG W Marie Katoto
21%
95 Lyon W Lindsey Horan
19%
95 Washington Spirit W Trinity Rodman
19%
95 Houston Dash W Tarciane
12%
95 Barcelona W Salma Parallueo
3%
No matching quizzes found
Score Distribution
Percent of People with Each Score
Percentile by Number Answered
Your Score History
You have not taken this quiz